Tłumaczenia rumuńskich imion - Statystyki

Ogólne statystyki
  • Ten quiz został rozwiązany 28 razy
  • Średni wynik to 20 z 24
Statystyki odpowiedzi
Rumuński Polski % Poprawnych
Alexandra Aleksandra
100%
Antoniu Antoni
100%
Iulia Julia
100%
Carolina Karolina
100%
Cristina Krystyna
100%
Mihai Michał
100%
Petre Piotr
100%
Silvia Sylwia
100%
Iacob Jakub
96%
Lucia Łucja
96%
Monica Monika
96%
Francesca Franciszka
91%
Ioan Jan
91%
Octavia Oktawia
87%
Sergiu Sergiusz
87%
Gheorghe Jerzy
83%
Nicolae Mikołaj
83%
Mihaela Michalina
78%
Inocențiu Innocenty
74%
Valentina Walentyna
74%
Florin Florentyn
57%
Florentina Florentyna
52%
Lazăr Łazarz
43%
Vasile Bazyli
26%
Nie znaleziono quizów pasujących do podanych kryteriów
Rozkład punktacji
Procent ludzi z każdym wynikiem
Percentyl według liczby udzielonych odpowiedzi
Twoja historia wyników
Nie rozwiązałeś tego quizu